[Event "9th European team championship"]
[Site "Haifa"]
[Date "1989.??.??"]
[Round "7"]
[White "Dutreeuw, Marc"]
[Black "Soylu, Suat"]
[Result "1-0"]
[WhiteElo "2400"]
[WhiteTitle "FM"]
[WhiteTeam "Belgium"]
[BlackElo "2330"]
[BlackTitle "FM"]
[BlackTeam "Turkey"]
[Board "3"]
[Source "OlimpBase"]
[EventDate "1989.12.03"]
[PlyCount "71"]

1. e4 c5 2. Nf3 d6 3. d4 cxd4 4. Nxd4 Nf6 5. Nc3 a6 6. Be3 e5 7. Nf3 Qc7
8. Bg5 Nbd7 9. a4 h6 10. Bh4 Be7 11. Nd2 O-O 12. Bc4 Nb6 13. Bxf6 Bxf6 14. Bb3
Be6 15. a5 Nd7 16. Nd5 Bxd5 17. Bxd5 Rac8 18. Nc4 b5 19. Nxd6 Rcd8 20. Nf5 Kh7
21. O-O Nc5 22. Qf3 Na4 23. c4 Nxb2 24. cxb5 axb5 25. Rfc1 Nc4 26. a6 Bg5
27. Rc2 g6 28. Ng3 Kg7 29. Qb3 Qd6 30. a7 Ra8 31. Bxa8 Rxa8 32. Qxb5 Na3
33. Qc5 Nxc2 34. Qxd6 Nxa1 35. Qxe5+ Bf6 36. Qb8 1-0

[Event "9th European team championship"]
[Site "Haifa"]
[Date "1989.??.??"]
[Round "7"]
[White "İpek, Ali"]
[Black "Geenen, Marc"]
[Result "1/2-1/2"]
[WhiteElo "2320"]
[WhiteTeam "Turkey"]
[BlackElo "2290"]
[BlackTitle "FM"]
[BlackTeam "Belgium"]
[Board "4"]
[Source "OlimpBase"]
[EventDate "1989.12.03"]
[PlyCount "48"]

1. d4 d5 2. Nf3 Nc6 3. c4 Bg4 4. cxd5 Bxf3 5. gxf3 Qxd5 6. e3 e5 7. Nc3 Bb4
8. Bd2 Bxc3 9. bxc3 Qd6 10. Rb1 b6 11. Rg1 g6 12. Qa4 O-O-O 13. Bb5 Nge7
14. Bc1 exd4 15. cxd4 Qxh2 16. Rg3 Rd6 17. Ba3 Re6 18. Bxe7 Rxe3+ 19. fxe3
Qxg3+ 20. Kd2 Nxe7 21. Qxa7 Kd8 22. Qa8+ Nc8 23. f4 Qh2+ 24. Be2 Re8 1/2-1/2

[Event "9th European team championship"]
[Site "Haifa"]
[Date "1989.??.??"]
[Round "9"]
[White "Winants, Luc"]
[Black "Mossong, Hubert"]
[Result "1-0"]
[WhiteElo "2425"]
[WhiteTitle "IM"]
[WhiteTeam "Belgium"]
[BlackElo "2325"]
[BlackTeam "Luxembourg"]
[Board "1"]
[Source "OlimpBase"]
[EventDate "1989.12.03"]
[PlyCount "121"]

1. d4 f5 2. Nc3 Nf6 3. Bg5 d5 4. Bxf6 exf6 5. e3 c6 6. Bd3 Be6 7. h3 Bd6
8. Qf3 Qd7 9. Nge2 Na6 10. a3 Nc7 11. Nf4 Bf7 12. g4 fxg4 13. hxg4 O-O-O
14. Rxh7 Bxf4 15. Rxh8 Rxh8 16. exf4 Rh4 17. f5 Qd6 18. O-O-O Kd7 19. Ne2 b5
20. Nf4 Rh8 21. Bf1 a5 22. Nd3 Na6 23. Re1 Re8 24. Rxe8 Kxe8 25. Qe3+ Kf8
26. f4 Qe7 27. Kd2 Qxe3+ 28. Kxe3 Ke7 29. Nc1 Kd6 30. Nb3 a4 31. Nc1 Kc7
32. Nd3 Kd6 33. Nf2 Nb8 34. Kd2 Kc7 35. Kc3 Kb6 36. Nd3 Na6 37. Be2 Be8 38. Bf3
Bf7 39. Nc1 Be8 40. Ne2 Bf7 41. Ng3 c5 42. dxc5+ Kxc5 43. Ne2 b4+ 44. Kd3 bxa3
45. bxa3 Nc7 46. Nd4 Kd6 47. Kc3 Kc5 48. Be2 Bg8 49. Bf1 Bf7 50. Bd3 Bg8
51. Be2 Bf7 52. g5 Be8 53. gxf6 gxf6 54. Ne6+ Kd6 55. Nxc7 Kxc7 56. Kb4 Kb6
57. c3 Bd7 58. Bd3 Bc6 59. Bc2 Bd7 60. Bxa4 Bxf5 61. Bb5 1-0

[Event "9th European team championship"]
[Site "Haifa"]
[Date "1989.??.??"]
[Round "9"]
[White "Berend, Freddy"]
[Black "Meulders, Richard"]
[Result "1-0"]
[WhiteElo "2210"]
[WhiteTeam "Luxembourg"]
[BlackElo "2330"]
[BlackTitle "FM"]
[BlackTeam "Belgium"]
[Board "2"]
[Source "OlimpBase"]
[EventDate "1989.12.03"]
[PlyCount "59"]

1. e4 c5 2. Nc3 Nc6 3. g3 g6 4. Bg2 Bg7 5. d3 e6 6. Be3 d6 7. f4 Nge7 8. Nf3
Nd4 9. O-O O-O 10. Bf2 e5 11. Nxd4 cxd4 12. Ne2 Bg4 13. h3 Be6 14. Kh2 f5
15. Qd2 Qd7 16. Rae1 Rf7 17. exf5 Nxf5 18. c3 Re8 19. cxd4 exd4 20. Qb4 Ne3
21. Bxe3 dxe3 22. Nc3 d5 23. d4 a5 24. Qb6 Qc6 25. Qxa5 Bxd4 26. f5 Rxf5
27. Rxf5 gxf5 28. Nxd5 Bf7 29. Ne7+ Rxe7 30. Bxc6 1-0